000 00382nam a2200169Ia 4500
008 210210b1965 xxu||||| |||| 00| 0 eng d
041 _aeng
082 _a590/177
100 _aKENOYER (Goddard)
245 _aGeneral biology
260 _aNew York
_bHarper & Raw
_c1965
650 _aGeneral
650 _abiology
690 _aZoology
700 _aMILLER
906 _a010749
999 _c138638
_d138638